Loading...
| Current Events | 3 | 10.00 | 67% | 33% | 0% |
| Fine Arts - Classical Music | 6 | 10.00 | 67% | 17% | 17% |
| Fine Arts - Other | 8 | 15.00 | 100% | 50% | 0% |
| Fine Arts - Painting & Sculpture | 8 | 8.75 | 88% | 0% | 0% |
| Geography | 4 | 7.50 | 75% | 0% | 0% |
| History - American | 8 | 11.25 | 75% | 38% | 0% |
| History - European | 8 | 7.50 | 38% | 13% | 25% |
| History - Other | 6 | 8.33 | 67% | 17% | 0% |
| History - World | 6 | 6.67 | 67% | 0% | 0% |
| Literature - American | 5 | 6.00 | 40% | 20% | 0% |
| Literature - British | 9 | 6.67 | 67% | 0% | 0% |
| Literature - European | 6 | 13.33 | 100% | 17% | 17% |
| Literature - World | 5 | 8.00 | 80% | 0% | 0% |
| Mythology | 4 | 10.00 | 100% | 0% | 0% |
| Other Academic | 5 | 10.00 | 80% | 20% | 0% |
| Philosophy | 5 | 8.00 | 80% | 0% | 0% |
| Religion | 8 | 8.75 | 63% | 13% | 13% |
| Science - Biology | 3 | 6.67 | 67% | 0% | 0% |
| Science - Chemistry | 4 | 15.00 | 75% | 50% | 25% |
| Science - Other | 5 | 6.00 | 60% | 0% | 0% |
| Science - Physics | 3 | 6.67 | 67% | 0% | 0% |
| Social Science | 5 | 6.00 | 60% | 0% | 0% |